| 000 | 01000akm a2200421a 44500 | ||
|---|---|---|---|
| 008 | 111228s2008 cat | ||
| 017 | _aB-37748-2008 | ||
| 020 | _a9788492525379 | ||
| 041 | _acat | ||
| 080 | _a365.26 | ||
| 110 |
_aEdigol _968877 |
||
| 245 | _aEl barri. La casa | ||
| 245 | _cEdigol. | ||
| 245 | _h[cartell] | ||
| 260 | _aEsplugues de Llobregat | ||
| 260 | _bEdigol | ||
| 260 | _c2008 | ||
| 300 |
_a1 cartell. _bil. |
||
| 490 | _aMaterial Escolar | ||
| 500 | _btermcat | ||
| 520 | _a104 | ||
| 591 | _a10362 | ||
| 592 | _aObra terminològica | ||
| 593 | _aHDH | ||
| 593 | _aHR | ||
| 593 | _aKB | ||
| 594 | _a10362 | ||
| 650 |
_aequipament de la llar _966442 |
||
| 650 |
_aequipaments domèstics _960875 |
||
| 650 |
_aurbanisme _961181 |
||
| 830 |
_aMaterial Escolar _971534 |
||
| 901 | _cDL <2008> | ||
| 902 | _a111228 | ||
| 942 |
_cMO _n0 |
||
| 999 |
_c65823 _d65823 |
||